Welcome to the Holygrace Academy Library

Please use search bar below to get started

101 GREAT INDIANS (Record no. 6366)

MARC details
000 -LEADER
fixed length control field 00307nam a22001337a 4500
020 ## - INTERNATIONAL STANDARD BOOK NUMBER
ISBN 81-7573-575-9
082 ## - DEWEY DECIMAL CLASSIFICATION NUMBER
Classification number 920
Item number SIN/G
100 ## - MAIN ENTRY--AUTHOR NAME
Personal name SINHA,PUSHPA
245 ## - TITLE STATEMENT
Title 101 GREAT INDIANS
260 ## - PUBLICATION, DISTRIBUTION, ETC. (IMPRINT)
Place of publication INDIA
Name of publisher TINY TOT PUBLICATIONS
Year of publication 2010
300 ## - PHYSICAL DESCRIPTION
Number of Pages 232
650 ## - SUBJECT ADDED ENTRY--TOPICAL TERM
Topical Term ABOUT GREAT INDIANS
Geographic subdivision INDIA
942 ## - ADDED ENTRY ELEMENTS (KOHA)
Koha item type Books
Holdings
Withdrawn status Lost status Collection code Home library Current library Shelving location Date acquired Source of acquisition Full call number Accession Number Koha item type
    Reference Main Library Main Library SHELF-17-L-BIOGRAPHIES & AUTOBIOGRAPHIES 09/03/2012 PURCHASE 920 SIN/G 03890 Books
    Reference Main Library Main Library SHELF-17-L-BIOGRAPHIES & AUTOBIOGRAPHIES 08/03/2012 PURCHASE 920 SIN/G 03879 Books